Despite the odds (Record no. 129977)
[ view plain ]
| 000 -LEADER | |
|---|---|
| fixed length control field | 00491nam a22001457a 4500 |
| 008 - FIXED-LENGTH DATA ELEMENTS--GENERAL INFORMATION | |
| fixed length control field | 191112b ||||| |||| 00| 0 eng d |
| 050 ## - LIBRARY OF CONGRESS CALL NUMBER | |
| Classification number | HN798.Z9 |
| Item number | C63 |
| 245 ## - TITLE STATEMENT | |
| Title | Despite the odds |
| Remainder of title | a collection of case studies on development projects in mozambimbique |
| Statement of responsibility, etc | UNICEF |
| 260 ## - PUBLICATION, DISTRIBUTION, ETC. (IMPRINT) | |
| Place of publication, distribution, etc | Maputo |
| Name of publisher, distributor, etc | UNICEF |
| Date of publication, distribution, etc | 1993 |
| 300 ## - PHYSICAL DESCRIPTION | |
| Extent | 132p. ; |
| Dimensions | 26cm. |
| 650 ## - SUBJECT ADDED ENTRY--TOPICAL TERM | |
| Topical term or geographic name as entry element | Community development |
| 9 (RLIN) | 8596 |
| 650 ## - SUBJECT ADDED ENTRY--TOPICAL TERM | |
| Topical term or geographic name as entry element | Economic development projects |
| 9 (RLIN) | 42601 |
| 650 ## - SUBJECT ADDED ENTRY--TOPICAL TERM | |
| Topical term or geographic name as entry element | Rural development |
| 9 (RLIN) | 21327 |
| 942 ## - ADDED ENTRY ELEMENTS (KOHA) | |
| Source of classification or shelving scheme | Library of Congress Classification |
| Item type | Monograph ( Printed materials) |
| Withdrawn status | Lost status | Source of classification or shelving scheme | Damaged status | Not for loan | Collection code | Home library | Current library | Shelving location | Date acquired | Total Checkouts | Full call number | Barcode | Date last seen | Price effective from | Koha item type |
|---|---|---|---|---|---|---|---|---|---|---|---|---|---|---|---|
| Library of Congress Classification | Main Collection | ARRUPE LIBRARY | ARRUPE LIBRARY | Main Collection | 12/11/2019 | HN798.Z9 C63 | 46600005760 | 12/11/2019 | 12/11/2019 | Monograph ( Printed materials) |